000 00439nam a2200181Ia 4500
005 20250603144808.0
008 250603s9999 xx 000 0 und d
020 _a9789789429745
050 _aBL 410 .O46/
100 _aOmonokhua, Cornelius Afebu
245 0 _aDialogue in context: a nigerian experience
260 _aKaduna
260 _bVirtual Insignia
260 _c2014
300 _a367 p
650 _aKaduna
942 _cBK
999 _c39971
_d39971